000 00205 a2200097 4500
001 26212
100 _aFerrari
245 _aTransonic aerodynamics
260 _a
_bAcademic press
_c
090 _c17690
_d17690
942 _aNUST-CAE
_cM
_c8547
999 _c261285
_d261285